000
00357nam a2200157Ia 4500
003
0STCL
008
150530s9999 xx 000 0 und d
040
_a
STCL
_c
STCL
100
_a
Grierson, H.J.C.
245
_a
Lyrical poetry from blake to hardy
260
_c
1928
546
_a
English
942
_2
ddc
_c
BK
999
_c
51537
_d
51537
005
20220125170843.0